00439 2200169 4500001002100000008004100021035002000062245006600082100001400148250000600162260004200168300001200210084001400222082000800236650001300244990001200257INLIS000000000000764 ind  a0010-0424000740 aPanduan Materi Olimpiade Sains Ekonomi Akuntansi 2cIsmawanto aIsmawanto a1 aJakarta :bBina Prestasi Insanic2017 a252 hlm a330 ISM e a330 aNonfiksi a0739655